Tom Clancy's op-centre games of state /

Bibliographic Details
Other Authors: Pieczenik
Format: Book
Published: London: Harper Collins, 1996.
Subjects:
LEADER 00455cam a2200169 7i4500
001 0000042430
005 20151104090000.0
005 ##20151104153000.0
003 ##MY-KlINT
020 # # |a 0006498442  
039 # 9 |y 201511041530  |z VLOAD 
090 0 0 |a 823.3   |b CLA 
245 0 0 |a Tom Clancy's op-centre games of state /   |c Tom Clancy and Steve Pieczenik. 
260 # # |a London:   |b Harper Collins,   |c 1996. 
300 # # |a 500 p;   |c 18cm. 
650 # 0 |a English fiction  
700 0 # |a Pieczenik